000 00679nam a22002177a 4500
005 20251108173409.0
008 250721s2006 xx 000 0 ara d
082 1 4 _a345.565052/زعب
100 1 _aالزعبي، تيسير أحمد
245 1 0 _aقانون التنفيذ: قانون مؤقت رقم (36) لسنة 2002 م /
264 1 _aعمان :
_bتيسير أحمد زعبي،
_c2006.
300 _a24 ص.
650 1 7 _aتنفيذ القانون
650 1 7 _aالشرطة
650 1 7 _aأصول المحاكمات
650 1 7 _aالقضاء الجنائي
650 1 7 _aأمن الدولة
650 1 7 _aالأردن
942 _2ddc
_cBK
999 _c102941
_d102941